EA FC24 All Gold Colombian Players - Statistics

General Stats
  • This quiz has been taken 17 times
  • The average score is 10 of 24
Answer Stats
Rate Club Answer % Correct
84 Liverpool Luis Diaz
100%
80 Inter Juan Cuadrado
93%
80 Al Nassr David Ospina
87%
81 Torino Duvan Zapata
73%
77 Galatasaray Davinson Sanchez
67%
77 Crystal Palace Jefferson Lerma
60%
79 Atalanta Luis Muriel
60%
76 Colombus Crew Cucho Hernandez
47%
77 Racing Club Juan Quintero
47%
75 Rayo Vallecano Radamel Falcao
47%
77 Cagliari Yerry Mina
47%
78 Bournemouth Luis Sinisterra
40%
75 Cincinatti Santiago Arias
33%
75 Millonarios David Silva
27%
78 Ettifaq Gustavo Cuellar
27%
77 Crystal Palace Daniel Munoz
20%
76 Lens Deiver Machado
20%
75 Almeria Luis Suarez
20%
76 Boca Juniors Frank Fabra
13%
77 Osasuna Johan Mojica
13%
75 River Plate Miguel Borja
13%
76 LAFC Cristian Arango
7%
76 Atl. Nacional Dorlan Pabon
7%
75 Millonarios Leonardo Castro
7%
No matching quizzes found
Score Distribution
Percent of People with Each Score
Percentile by Number Answered
Your Score History
You have not taken this quiz